Contenido económico del populismo /

Salvato in:
Dettagli Bibliografici
Autore principale: Lenin, Vladimir Ilich
Altri autori: Claudín, Fernando present. y notas
Natura: testo
Pubblicazione: Madrid: Siglo XXI
Tags: Aggiungi Tag
Nessun Tag, puoi essere il primo ad aggiungerne!!

MARC

LEADER 00000 a a2200000 04500
001 22584
003
040
020 |a 84-323-0148-5  
090 |a 154700  
100 |a Lenin, Vladimir Ilich  
245 |a Contenido económico del populismo /  |c Vladimir Ilich Lenin 
260 |a Madrid:   |b Siglo XXI  
300 |a 247 p; vol. I  
700 |a Claudín, Fernando   |a present. y notas  
999 |c 14030  |d 14030